000 00674nam a2200241Ia 4500
003 OSt
005 20220925170041.0
006 a|||||r|||| 00| 0
007 ta
008 220923b |||||||| |||| 00| 0 eng d
037 _cGeneral Book
040 _aRTL
_cRTL
_beng
041 _2eng
_aeng
082 _aXM5:8, M4
100 _aEarl Peter E
_9235613
245 0 _aCorporate imagination
_b How big companies make mistakes
260 _aArmonk
_bM E Sharpe
_c1984
300 _axi,236p
_ccm.
500 _aBibliography: p 216-228
650 _aJoint Stock Company
942 _hXM5:8, M4
_cGB
_2CC
999 _c479013
_d479013